[Event "45th IT Bosna 2015"]
[Site "Sarajevo"]
[Date "2015.06.04"]
[Round "8.21"]
[White "Rasidovic, Sead"]
[Black "Aleksic, Neven"]
[Result "1-0"]
[WhiteElo "2341"]
[BlackElo "2034"]
[PlyCount "75"]
[EventDate "2015.05.30"]

1. e4 e5 2. Nf3 Nc6 3. d4 exd4 4. Nxd4 Bb4+ 5. c3 Bc5 6. Be3 Bb6 7. Bc4 Nf6 8.
Nd2 O-O 9. Bb3 d5 10. exd5 Nxd5 11. O-O Nxe3 12. fxe3 Qg5 13. Qf3 Ne5 14. Qe4
c5 15. N4f3 Nxf3+ 16. Rxf3 Bd7 17. Qxb7 Rad8 18. Raf1 Kh8 19. Nc4 Be6 20. Nxb6
Bxb3 21. axb3 axb6 22. Qxb6 Rd2 23. Rg3 Qd5 24. b4 Rxb2 25. Qxc5 Qxc5 26. bxc5
Re2 27. Rg4 Rxe3 28. Rc4 f6 29. c6 Rc8 30. c7 h6 31. Rd1 Ree8 32. Rd7 Kg8 33.
Rg4 g5 34. Rc4 Kf8 35. Rc6 Re7 36. Rxf6+ Ke8 37. Rxe7+ Kxe7 38. Rxh6 1-0

[Event "45th IT Bosna 2015"]
[Site "Sarajevo"]
[Date "2015.06.04"]
[Round "8.22"]
[White "Cabric, Izet"]
[Black "Hadzovic, Amir"]
[Result "0-1"]
[WhiteElo "1952"]
[BlackElo "2218"]
[PlyCount "112"]
[EventDate "2015.05.30"]

1. e4 e5 2. Nf3 d6 3. c3 Nf6 4. Be2 Be7 5. O-O O-O 6. d3 h6 7. h3 Nh7 8. d4 Nd7
9. Be3 Ng5 10. Nbd2 c6 11. Qc2 Bf6 12. Rad1 Qe7 13. Nh2 Ne6 14. Ndf3 Nf4 15.
Bxf4 exf4 16. Ng4 h5 17. Nxf6+ Qxf6 18. Rfe1 Re8 19. Bd3 g5 20. Nh2 Nf8 21. f3
Bd7 22. Qf2 a5 23. a3 a4 24. Bf1 Ra5 25. Rd2 Bc8 26. g3 fxg3 27. Qxg3 Ng6 28.
Rde2 Qf4 29. Qf2 Qf6 30. Re3 Nf4 31. e5 dxe5 32. dxe5 Qf5 33. h4 Raxe5 34. hxg5
Rxe3 35. Rxe3 Rxe3 36. Qxe3 Qxg5+ 37. Kh1 Be6 38. Qg1 f6 39. Qxg5+ fxg5 40. Kg1
Kf7 41. Kf2 Kf6 42. Ke3 Ke5 43. Kd2 Bd5 44. c4 Be6 45. Kc3 c5 46. b3 axb3 47.
Kxb3 Kd4 48. a4 b6 49. a5 bxa5 50. Ka4 Bxc4 51. Kxa5 Bd3 52. Ka4 c4 53. Kb4
Nd5+ 54. Ka3 Nf4 55. Kb2 Ke3 56. Kc1 Kf2 0-1

[Event "45th IT Bosna 2015"]
[Site "Sarajevo"]
[Date "2015.06.04"]
[Round "8.24"]
[White "Sinanovic, Ermin"]
[Black "Strinic, Halid"]
[Result "0-1"]
[WhiteElo "1930"]
[BlackElo "2103"]
[PlyCount "110"]
[EventDate "2015.05.30"]

1. e4 e5 2. Nf3 Nc6 3. Nc3 Be7 4. Bb5 d6 5. d4 exd4 6. Nxd4 Bd7 7. Bxc6 bxc6 8.
O-O Nf6 9. Re1 O-O 10. Qd3 Re8 11. b3 h6 12. Bb2 Bf8 13. Rad1 Qc8 14. h3 Qb7
15. Nf3 Be6 16. Nd4 Bd7 17. Nf3 Be6 18. e5 Nd5 19. Nxd5 cxd5 20. Nd4 dxe5 21.
Rxe5 Bd7 22. Rde1 Qb4 23. Bc3 Qb7 24. Nf5 Rxe5 25. Rxe5 Be6 26. Nxh6+ gxh6 27.
Rxe6 c5 28. Re3 d4 29. Rg3+ Kh8 30. Bd2 Qd5 31. Rg4 Re8 32. c4 Qe6 33. b4 Qe2
34. Qf5 Qe6 35. Qf3 Bg7 36. bxc5 Qxc4 37. c6 Re6 38. Rf4 Qxc6 39. Rxf7 Qc2 40.
Bf4 Qxa2 41. Qa8+ Kh7 42. Qxa7 Qb1+ 43. Kh2 Qg6 44. Qd7 Rf6 45. Rxf6 Qxf6 46.
Qd6 Qf5 47. f3 d3 48. g4 Qb5 49. Kg3 Qb1 50. Be5 Qe1+ 51. Kg2 Qe2+ 52. Kg1 Bxe5
53. Qd7+ Kg6 54. Qe6+ Kg5 55. f4+ Kxf4 0-1

[Event "45th IT Bosna 2015"]
[Site "Sarajevo"]
[Date "2015.06.04"]
[Round "8.25"]
[White "Bjelopoljak, Salko"]
[Black "Miladinovic, Zlatko"]
[Result "0-1"]
[WhiteElo "2084"]
[BlackElo "2029"]
[PlyCount "120"]
[EventDate "2015.05.30"]

1. e4 c6 2. d4 d5 3. Nc3 dxe4 4. Nxe4 Bf5 5. Ng3 e6 6. Nxf5 Qa5+ 7. c3 Qxf5 8.
Bd3 Qd5 9. Nf3 Nf6 10. O-O Bd6 11. Bg5 Nbd7 12. a3 Qa5 13. c4 Qc7 14. Re1 O-O
15. b4 Bf4 16. Bh4 a5 17. g3 Bd6 18. c5 Be7 19. Bg5 axb4 20. axb4 Rxa1 21. Qxa1
Nd5 22. Bd2 Bf6 23. Qa2 e5 24. Be4 exd4 25. Bxd5 cxd5 26. Bf4 Qc6 27. Qa5 d3
28. Qa3 b6 29. Qxd3 bxc5 30. bxc5 Nxc5 31. Qc2 Qb5 32. Be3 Ne6 33. Qf5 Qc4 34.
Rc1 Qb3 35. Rb1 Qa2 36. Rd1 Rd8 37. g4 Qa4 38. Rxd5 Rxd5 39. Qxd5 Qxg4+ 40. Kf1
h6 41. Qa8+ Kh7 42. Qc6 Qf5 43. Nd2 Qd3+ 44. Kg2 Bg5 45. Nf1 Qg6 46. Kh1 Bxe3
47. fxe3 Ng5 48. Qxg6+ Kxg6 49. Ng3 h5 50. Kg2 h4 51. Ne2 Kf5 52. Nc3 Kg4 53.
Kf2 Kh3 54. Ne2 Kxh2 55. Nf4 Nh3+ 56. Kf3 Nxf4 57. exf4 f5 58. Kf2 Kh3 59. Kf3
g6 60. Kf2 Kg4 0-1

[Event "45th IT Bosna 2015"]
[Site "Sarajevo"]
[Date "2015.06.04"]
[Round "8.26"]
[White "Petrovic, Marija"]
[Black "Haskovic, Salih"]
[Result "1-0"]
[WhiteElo "2049"]
[BlackElo "1942"]
[PlyCount "129"]
[EventDate "2015.05.30"]

1. d4 d5 2. Nf3 Nf6 3. g3 g6 4. Bg2 Bg7 5. O-O O-O 6. Nbd2 c6 7. b3 Bf5 8. Bb2
Qc8 9. Re1 Bh3 10. Bh1 h6 11. Ne5 Nbd7 12. Nd3 Bf5 13. c4 Bxd3 14. exd3 e6 15.
Nf3 Re8 16. Qd2 Qc7 17. Rac1 Bf8 18. Bg2 Qd8 19. Re2 Rc8 20. b4 Ra8 21. a4 Kg7
22. Bc3 Be7 23. a5 a6 24. Qb2 h5 25. Bd2 Rh8 26. Bf4 Ne8 27. h4 Bf6 28. Ne5 Nb8
29. Ra1 Nd6 30. Nf3 dxc4 31. dxc4 Nxc4 32. Qc2 Nd6 33. Rd1 Nb5 34. Be5 Nd7 35.
Red2 Qe7 36. Qc4 Rad8 37. Rd3 Rhe8 38. Re1 Bxe5 39. dxe5 Nb6 40. axb6 Rxd3 41.
Qxd3 Rd8 42. Qc4 Qd7 43. Qf4 Qe7 44. Qc4 Qd7 45. Bf1 Na3 46. Qb3 Nb5 47. Bxb5
axb5 48. Ng5 Qd2 49. Qb1 Qd4 50. Qe4 Qxb6 51. Qf4 Rd7 52. Qf6+ Kg8 53. Ra1 Qd8
54. Qxd8+ Rxd8 55. Ra7 Rd7 56. Ne4 Rd4 57. f3 Rxb4 58. Rxb7 Rb1+ 59. Kf2 Rb2+
60. Ke3 Rb3+ 61. Kf4 Rb4 62. Kg5 Kf8 63. Kf6 Ke8 64. Nd6+ Kd8 65. Nxf7+ 1-0

[Event "45th IT Bosna 2015"]
[Site "Sarajevo"]
[Date "2015.06.04"]
[Round "8.28"]
[White "Popic, Boris"]
[Black "Szostko, Jakub"]
[Result "0-1"]
[WhiteElo "2009"]
[BlackElo "2153"]
[PlyCount "60"]
[EventDate "2015.05.30"]

1. d4 Nf6 2. c4 g6 3. Nc3 Bg7 4. e4 d6 5. f3 O-O 6. Be3 c5 7. Qd2 Nc6 8. Nge2
Qa5 9. g4 Nd7 10. h4 cxd4 11. Nxd4 Nc5 12. Rc1 Nxd4 13. Bxd4 Bxd4 14. Qxd4 Ne6
15. Qd2 Qe5 16. Nd5 Nd4 17. Rh3 h5 18. Nxe7+ Qxe7 19. Qxd4 hxg4 20. Rh1 gxf3
21. h5 Re8 22. Bd3 Qg5 23. Rc2 gxh5 24. Rch2 Bg4 25. Kd1 Qe5 26. Qe3 b5 27.
cxb5 d5 28. Qh6 Re6 29. Qe3 dxe4 30. Bc2 f2+ 0-1

[Event "45th IT Bosna 2015"]
[Site "Sarajevo"]
[Date "2015.06.04"]
[Round "8.29"]
[White "Peric, Bernard"]
[Black "Okuyaz, Duru"]
[Result "1/2-1/2"]
[WhiteElo "2072"]
[BlackElo "1835"]
[PlyCount "41"]
[EventDate "2015.05.30"]

1. d4 d5 2. Nf3 Nf6 3. Bf4 e6 4. e3 c5 5. c3 Nc6 6. Nbd2 Bd6 7. Ne5 O-O 8. Bg3
Qc7 9. f4 Ne4 10. Bd3 f5 11. Qe2 Qb6 12. Ndf3 cxd4 13. exd4 Bxe5 14. Nxe5 Nxe5
15. dxe5 Nc5 16. b3 Nxd3+ 17. Qxd3 Bd7 18. Bf2 Qb5 19. Kd2 Qxd3+ 20. Kxd3 Bb5+
21. Kd2 1/2-1/2

[Event "45th IT Bosna 2015"]
[Site "Sarajevo"]
[Date "2015.06.04"]
[Round "8.30"]
[White "Jovovic, Milan"]
[Black "Kozarcanin, Sead"]
[Result "1-0"]
[WhiteElo "1991"]
[BlackElo "2066"]
[PlyCount "59"]
[EventDate "2015.05.30"]

1. d4 d5 2. c4 c6 3. Nc3 dxc4 4. Nf3 b5 5. a4 b4 6. Ne4 Bf5 7. Ng3 Be6 8. e4 h6
9. Qc2 a5 10. Bxc4 Bxc4 11. Qxc4 e6 12. Be3 Ne7 13. Ne5 g6 14. O-O Bg7 15. f4
Qc8 16. Rac1 O-O 17. h4 f5 18. h5 gxh5 19. Nxh5 fxe4 20. Nxg7 Kxg7 21. Qc2 Nd7
22. Qxe4 Nxe5 23. fxe5 Qd7 24. Rf6 Rxf6 25. exf6+ Kxf6 26. Qh7 Qd5 27. Qxh6+
Kf7 28. Qh7+ Kf6 29. Rf1+ Nf5 30. g4 1-0

[Event "45th IT Bosna 2015"]
[Site "Sarajevo"]
[Date "2015.06.04"]
[Round "8.31"]
[White "Hadziselimovic, Bernardina"]
[Black "Kuzmanovic, Aleksa"]
[Result "0-1"]
[WhiteElo "1935"]
[BlackElo "2062"]
[PlyCount "76"]
[EventDate "2015.05.30"]

1. e4 c5 2. Nc3 Nc6 3. g3 g6 4. Bg2 Bg7 5. d3 d6 6. Be3 e6 7. f4 Nge7 8. Nf3
Nd4 9. O-O O-O 10. Qd2 Rb8 11. Nd1 b5 12. c3 Nxf3+ 13. Bxf3 b4 14. d4 bxc3 15.
bxc3 Ba6 16. Re1 Qa5 17. dxc5 dxc5 18. Qd6 Rb7 19. Qxc5 Qxc5 20. Bxc5 Rc8 21.
Bxe7 Rxe7 22. e5 Rd7 23. Rb1 Rd2 24. a4 Ra2 25. a5 Bf8 26. Rb2 Rxb2 27. Nxb2
Rxc3 28. Be2 Bc5+ 29. Kg2 Re3 30. Bxa6 Rxe1 31. Nd3 Ra1 32. Nxc5 Rxa5 33. Nxe6
Rxa6 34. Nc5 Rc6 35. Ne4 a5 36. Kf3 a4 37. Ke2 a3 38. Nd2 Rc2 0-1

[Event "45th IT Bosna 2015"]
[Site "Sarajevo"]
[Date "2015.06.04"]
[Round "8.32"]
[White "Selimovic, Amir"]
[Black "Kurtcehajic, Suad"]
[Result "0-1"]
[WhiteElo "1936"]
[BlackElo "2058"]
[PlyCount "146"]
[EventDate "2015.05.30"]

1. e4 c6 2. d4 d5 3. exd5 cxd5 4. Bd3 Nc6 5. c3 e5 6. dxe5 Nxe5 7. Qe2 Qe7 8.
Bb5+ Bd7 9. Bxd7+ Nxd7 10. Be3 Ngf6 11. Na3 a6 12. Nf3 g6 13. Bd4 Qxe2+ 14.
Kxe2 Bxa3 15. bxa3 O-O 16. Rhd1 Rac8 17. Nd2 Rfe8+ 18. Kf1 Ne4 19. Nxe4 dxe4
20. Rab1 Rc7 21. Bb6 Nxb6 22. Rxb6 e3 23. Rd3 exf2 24. Kxf2 Re4 25. Rb4 Rec4
26. Ke3 Rxc3 27. Rxc3 Rxc3+ 28. Kf4 Rxa3 29. Rxb7 Rxa2 30. Kf3 a5 31. Ra7 a4
32. h4 h5 33. Kg3 Kg7 34. Ra6 a3 35. Kh3 Kf8 36. Ra7 Ra1 37. Kg3 Ke8 38. Kf4
Kf8 39. Kg3 Kg7 40. Ra6 a2 41. Kh2 Kf8 42. Ra7 Ke8 43. Kg3 Kd8 44. Kh2 Kc8 45.
Kg3 Kb8 46. Ra3 Kb7 47. Ra4 Kb6 48. Ra8 f6 49. Kh2 f5 50. Kg3 f4+ 51. Kh2 Kc5
52. Ra4 Kd5 53. Ra5+ Ke4 54. Ra3 Kd4 55. Ra6 Ke3 56. Ra3+ Ke4 57. Ra5 Kd4 58.
Ra4+ Ke5 59. Ra5+ Ke4 60. Ra4+ Kf5 61. Ra5+ Kg4 62. Ra4 Rf1 63. Rxa2 Kxh4 64.
Ra4 g5 65. g3+ Kg4 66. Kg2 Rb1 67. gxf4 gxf4 68. Ra8 Rb2+ 69. Kg1 h4 70. Rg8+
Kf3 71. Rh8 Rg2+ 72. Kf1 Rg4 73. Ra8 Kg3 0-1

[Event "45th IT Bosna 2015"]
[Site "Sarajevo"]
[Date "2015.06.04"]
[Round "8.34"]
[White "Bistric, Faruk"]
[Black "Dedic, Nedzad"]
[Result "1-0"]
[WhiteElo "2370"]
[BlackElo "1927"]
[PlyCount "121"]
[EventDate "2015.05.30"]

1. e4 e5 2. Nf3 Nc6 3. Bb5 a6 4. Bxc6 bxc6 5. O-O d6 6. d4 exd4 7. Nxd4 c5 8.
Nf5 g6 9. Ne3 Bg7 10. Nd5 c6 11. Ndc3 Ne7 12. Na4 Be6 13. Nbc3 O-O 14. Bg5 Be5
15. Qd2 Qc7 16. Rad1 f5 17. Bf4 Bc4 18. Bxe5 dxe5 19. Rfe1 f4 20. Qd7 Rac8 21.
Nxc5 f3 22. Ne6 Qxd7 23. Rxd7 Bxe6 24. Rxe7 Rf6 25. gxf3 Bh3 26. Re3 Be6 27.
Rd3 Bc4 28. Rdd7 h5 29. Kg2 Be6 30. Ra7 Rd8 31. f4 exf4 32. e5 Rf7 33. h4 Rxe7
34. Rxe7 Bg4 35. Ne4 Kf8 36. Rc7 Rb8 37. b3 Re8 38. Rxc6 Rxe5 39. f3 Bf5 40.
Rxa6 Rd5 41. Rc6 Rd1 42. a4 Re1 43. a5 Ke7 44. Rc4 Ra1 45. b4 Ra2 46. Kf2 Bd7
47. Ke1 Ra1+ 48. Kd2 Rf1 49. Nc5 Bb5 50. Rxf4 Kd6 51. c4 Be8 52. Rf6+ Ke7 53.
Re6+ Kf7 54. Ke2 Rc1 55. Re4 Bc6 56. Rf4+ Ke7 57. a6 Kd6 58. Kd2 Ra1 59. Rf6+
Kc7 60. b5 Ra2+ 61. Kc3 1-0

[Event "45th IT Bosna 2015"]
[Site "Sarajevo"]
[Date "2015.06.04"]
[Round "8.35"]
[White "Colpa, Husein"]
[Black "Bogdanovic, Rajko"]
[Result "1-0"]
[WhiteElo "1932"]
[BlackElo "2268"]
[PlyCount "121"]
[EventDate "2015.05.30"]

1. Nf3 Nf6 2. c4 g6 3. Nc3 d5 4. d4 Bg7 5. cxd5 Nxd5 6. e4 Nxc3 7. bxc3 c5 8.
Be3 O-O 9. Be2 Nc6 10. Qd2 Qa5 11. Rd1 Rd8 12. O-O Bg4 13. Qb2 Rab8 14. h3 Bxf3
15. gxf3 cxd4 16. cxd4 e5 17. dxe5 Bxe5 18. Qb3 Nd4 19. Bxd4 Bxd4 20. f4 b5 21.
Rd3 Qb6 22. Kg2 a6 23. h4 Qf6 24. Rfd1 Bb6 25. Kg3 Rxd3+ 26. Rxd3 Bd8 27. h5
Qh4+ 28. Kg2 Bb6 29. hxg6 hxg6 30. Rg3 Qf6 31. f5 Kf8 32. fxg6 Qxf2+ 33. Kh3
Ke7 34. Qxf7+ Qxf7 35. gxf7 Kxf7 36. Rg5 Be3 37. Bh5+ Kf6 38. Rf5+ Ke7 39. Kg4
a5 40. Kf3 Bc1 41. Rc5 Ba3 42. Rc6 Bd6 43. Bg4 Rf8+ 44. Bf5 a4 45. Ra6 Bc5 46.
Kf4 Rd8 47. e5 Rd2 48. Re6+ Kd8 49. Rc6 Bb4 50. Be6 Ke7 51. Bg4 Ba5 52. Rh6
Rd4+ 53. Kf3 Rf4+ 54. Kg3 Be1+ 55. Kh3 b4 56. Rh7+ Rf7 57. Rh6 Rf4 58. Rb6 Bc3
59. Rb7+ Kf8 60. e6 Be5 61. e7+ 1-0

[Event "45th IT Bosna 2015"]
[Site "Sarajevo"]
[Date "2015.06.04"]
[Round "8.36"]
[White "Pastar, Slaven"]
[Black "Sitnic, Adnan"]
[Result "0-1"]
[WhiteElo "2194"]
[BlackElo "2014"]
[PlyCount "64"]
[EventDate "2015.05.30"]

1. e4 d6 2. d4 Nf6 3. Nc3 g6 4. f4 Bg7 5. Nf3 c5 6. dxc5 Qa5 7. Qd4 dxc5 8. Qc4
O-O 9. e5 Be6 10. Qa4 Qxa4 11. Nxa4 Nfd7 12. Be3 b6 13. O-O-O Bh6 14. h4 Nc6
15. h5 Ndxe5 16. hxg6 Ng4 17. gxh7+ Kg7 18. Bd2 Nf2 19. Bd3 Nxd1 20. Kxd1 Bg4
21. Be4 Rac8 22. Ke1 Bxf3 23. Bxf3 Nd4 24. Bd1 f5 25. Nc3 e5 26. Nd5 Rcd8 27.
c4 Rd6 28. Kf2 Re6 29. Rh3 Kxh7 30. g4 fxg4 31. f5 Nxf5 32. Bxh6 Nxh6+ 0-1

[Event "45th IT Bosna 2015"]
[Site "Sarajevo"]
[Date "2015.06.04"]
[Round "8.37"]
[White "Zildzic, Kenan"]
[Black "Delic, Jasmin"]
[Result "1-0"]
[WhiteElo "2181"]
[BlackElo "1987"]
[PlyCount "102"]
[EventDate "2015.05.30"]

1. e4 c6 2. d4 d5 3. exd5 cxd5 4. Bd3 Nc6 5. c3 Nf6 6. Bf4 Bg4 7. Qb3 Qd7 8.
Nd2 e6 9. Ngf3 Bxf3 10. Nxf3 Be7 11. Ne5 Qc8 12. O-O O-O 13. Qc2 g6 14. Rae1
Nxe5 15. Bxe5 Nh5 16. g4 Ng7 17. Qe2 f6 18. Bg3 Qd8 19. c4 Bd6 20. f4 Bb4 21.
Rd1 Re8 22. c5 a6 23. Qc2 Qd7 24. h3 Rac8 25. Bh4 Kf7 26. Qe2 Ba5 27. Rb1 f5
28. b4 Bd8 29. Bf2 Rh8 30. b5 axb5 31. Rxb5 fxg4 32. hxg4 h5 33. Rfb1 hxg4 34.
Rxb7 Bc7 35. Qxg4 Nf5 36. Bb5 Qe7 37. Bd3 Kf8 38. a4 Qh7 39. Kf1 Qh2 40. Qxg6
Rh6 41. Qg4 Qh1+ 42. Ke2 Qh2 43. Bxf5 exf5 44. Qxf5+ Ke7 45. Qxc8 Re6+ 46.
Qxe6+ Kxe6 47. Rxc7 Qh5+ 48. Kd2 Qf3 49. Rb6+ Kf5 50. Rf7+ Kg4 51. Rg7+ Kf5 1-0

[Event "45th IT Bosna 2015"]
[Site "Sarajevo"]
[Date "2015.06.04"]
[Round "8.38"]
[White "Vujicic, Dragisa"]
[Black "Karup, Edin"]
[Result "0-1"]
[WhiteElo "1866"]
[BlackElo "2156"]
[PlyCount "90"]
[EventDate "2015.05.30"]

1. e4 c5 2. Nf3 d6 3. d4 cxd4 4. Nxd4 Nf6 5. Nc3 a6 6. Bg5 e6 7. Qd2 h6 8. Bxf6
Qxf6 9. O-O-O Qd8 10. Kb1 Qc7 11. f4 Nd7 12. g3 Nb6 13. b3 Bd7 14. Bd3 Rc8 15.
Kb2 Be7 16. Nce2 O-O 17. h4 e5 18. Nf5 Bxf5 19. exf5 Bf6 20. c3 e4 21. Bb1 d5
22. g4 e3 23. Qd3 d4 24. cxd4 Nd5 25. a3 Nxf4 26. Nxf4 Qxf4 27. g5 Qf2+ 28. Ka1
e2 29. gxf6 exd1=Q 30. Rxd1 gxf6 31. Qe4 b5 32. Rd3 Kh7 33. d5 Rc1 34. b4 Qg1
35. Rb3 Re1 36. Qd3 Rd1 37. Qe4 Rc8 38. Ka2 Rc4 39. Qe7 Rd2+ 40. Rb2 Rxb2+ 41.
Kxb2 Qd4+ 42. Ka2 Kg7 43. Qd6 Qd2+ 44. Ka1 Rc3 45. Qxa6 Rb3 0-1

[Event "45th IT Bosna 2015"]
[Site "Sarajevo"]
[Date "2015.06.04"]
[Round "8.39"]
[White "Bucan, Eldin"]
[Black "Oputic, Mirsad"]
[Result "1-0"]
[WhiteElo "2155"]
[BlackElo "1930"]
[PlyCount "41"]
[EventDate "2015.05.30"]

1. e4 c5 2. Nf3 d6 3. d4 cxd4 4. Nxd4 Nf6 5. Nc3 a6 6. Bg5 Nbd7 7. Qd2 b5 8. a3
Bb7 9. f3 Rc8 10. Bd3 e6 11. Rd1 Qc7 12. O-O Be7 13. Kh1 Nb6 14. f4 d5 15. e5
Nfd7 16. Bxe7 Kxe7 17. f5 h6 18. Qf2 Nxe5 19. f6+ gxf6 20. Qxf6+ Kd6 21. Ndxb5+
1-0

[Event "45th IT Bosna 2015"]
[Site "Sarajevo"]
[Date "2015.06.04"]
[Round "8.40"]
[White "Agic, Ahmed"]
[Black "Mrndjic, Armin"]
[Result "1/2-1/2"]
[WhiteElo "1843"]
[BlackElo "2148"]
[PlyCount "20"]
[EventDate "2015.05.30"]

1. d4 d5 2. Nf3 Nf6 3. c4 c6 4. e3 e6 5. Nc3 Nbd7 6. Qc2 Be7 7. Bd3 dxc4 8.
Bxc4 b5 9. Bd3 Bb7 10. O-O O-O 1/2-1/2

[Event "45th IT Bosna 2015"]
[Site "Sarajevo"]
[Date "2015.06.04"]
[Round "8.41"]
[White "Medic, Nevenko"]
[Black "Arda, Cagil Irmak"]
[Result "0-1"]
[WhiteElo "2038"]
[BlackElo "1822"]
[PlyCount "82"]
[EventDate "2015.05.30"]

1. d4 Nf6 2. c4 e6 3. Nc3 Bb4 4. Nf3 b6 5. Bg5 h6 6. Bxf6 Qxf6 7. e3 Bb7 8. Be2
O-O 9. Qc2 d6 10. a3 Bxc3+ 11. Qxc3 Nd7 12. O-O Rac8 13. Qd2 Rfd8 14. b4 Qe7
15. Ne1 c5 16. Bf3 Nf6 17. Bxb7 Qxb7 18. Nf3 cxd4 19. Qxd4 Qc6 20. Rac1 Ne4 21.
Nd2 Nxd2 22. Qxd2 Rd7 23. Rfd1 Rdc7 24. f3 d5 25. c5 bxc5 26. Rxc5 Qb6 27. Rxc7
Qxc7 28. a4 Qc3 29. b5 Qb3 30. Ra1 Rc4 31. a5 Qxb5 32. h3 Qb4 33. Qa2 Qc5 34.
Re1 Rc2 35. Qa4 Qc3 36. Rb1 Qxe3+ 37. Kh1 Rc1+ 38. Rxc1 Qxc1+ 39. Kh2 Qc7+ 40.
Kh1 g5 41. a6 Qc1+ 0-1

[Event "45th IT Bosna 2015"]
[Site "Sarajevo"]
[Date "2015.06.04"]
[Round "8.42"]
[White "Pestek, Elvis"]
[Black "Demic, Aleksandar"]
[Result "1-0"]
[WhiteElo "2035"]
[BlackElo "1673"]
[PlyCount "53"]
[EventDate "2015.05.30"]

1. e4 c5 2. Nf3 d6 3. d4 cxd4 4. Nxd4 Nf6 5. Nc3 g6 6. Be3 Bg7 7. f3 O-O 8. Qd2
Nc6 9. O-O-O Nxd4 10. Bxd4 Be6 11. Kb1 Qc7 12. g4 Rfc8 13. g5 Nh5 14. Bxg7 Kxg7
15. f4 Bg4 16. Be2 Bxe2 17. Nxe2 Qc4 18. Ng3 Nxg3 19. hxg3 Qxe4 20. Qh2 Rh8 21.
Qh6+ Kg8 22. Rde1 Qg2 23. Rxe7 Rc8 24. Rc1 Qc6 25. g4 Re8 26. f5 f6 27. Qg7#
1-0

[Event "45th IT Bosna 2015"]
[Site "Sarajevo"]
[Date "2015.06.04"]
[Round "8.45"]
[White "Bryn, Askild"]
[Black "Smaka, Faruk"]
[Result "1-0"]
[WhiteElo "2071"]
[BlackElo "1827"]
[PlyCount "105"]
[EventDate "2015.05.30"]

1. e4 e5 2. Nf3 Nc6 3. Bc4 Be7 4. Nc3 Nf6 5. d3 d6 6. h3 Na5 7. Bb3 Nxb3 8.
axb3 a6 9. Bg5 c6 10. d4 exd4 11. Qxd4 O-O 12. Rd1 Re8 13. O-O Qc7 14. Bxf6
Bxf6 15. Qxd6 Qxd6 16. Rxd6 h6 17. e5 Be7 18. Rd2 Bb4 19. Rfd1 Bf5 20. Re2 Red8
21. Rxd8+ Rxd8 22. g4 Be6 23. Ne4 Rd1+ 24. Kg2 Bd5 25. c3 Be7 26. b4 Rd3 27. h4
Kf8 28. g5 h5 29. Kg3 Ke8 30. Kf4 Kd7 31. e6+ Ke8 32. exf7+ Bxf7 33. Nc5 Rd5
34. Nxb7 Kf8 35. Ne5 g6 36. Nxc6 Bd6+ 37. Nxd6 Rxd6 38. Ne5 Be8 39. Ke3 Ke7 40.
Rd2 Rxd2 41. Kxd2 Ke6 42. f4 Kf5 43. Ke3 Ke6 44. Ke4 Ba4 45. f5+ gxf5+ 46. Kf4
Bc2 47. Nc6 Bd3 48. Nd4+ Kf7 49. Nxf5 Kg6 50. Nd6 Bc2 51. c4 Bd3 52. c5 Kg7 53.
c6 1-0

[Event "45th IT Bosna 2015"]
[Site "Sarajevo"]
[Date "2015.06.04"]
[Round "8.46"]
[White "Celik, Eda"]
[Black "Musovic, Sabrija"]
[Result "0-1"]
[WhiteElo "1615"]
[BlackElo "2043"]
[PlyCount "86"]
[EventDate "2015.05.30"]

1. e4 c5 2. Nf3 d6 3. Bb5+ Nd7 4. d4 Ngf6 5. O-O cxd4 6. Qxd4 e5 7. Qd3 Be7 8.
c4 O-O 9. Bxd7 Bxd7 10. Nc3 h6 11. a4 Rc8 12. b3 Bc6 13. Rd1 Qc7 14. Qc2 Rfd8
15. Ba3 b6 16. Qe2 Qb7 17. Re1 Kh7 18. Nd2 Ne8 19. Nf3 g6 20. Qd3 Ng7 21. Nd2
Ne6 22. g3 Nd4 23. Ne2 Ne6 24. f3 Bg5 25. Nf1 Nc5 26. Qc2 Ne6 27. Rad1 d5 28.
h4 Bf6 29. Nh2 dxe4 30. Ng4 Bg7 31. fxe4 Bxe4 32. Qc1 Rxd1 33. Qxd1 Rd8 34. Qc1
Rd3 35. Rf1 Bf3 36. Nf2 Rxb3 37. Nc3 Nd4 38. Kh2 Qc6 39. Ncd1 Ne2 40. Qc2 Rxa3
41. Nd3 Nd4 42. Qc1 Rxd3 43. Nf2 Rb3 0-1

[Event "45th IT Bosna 2015"]
[Site "Sarajevo"]
[Date "2015.06.04"]
[Round "8.47"]
[White "Colpa, Fahrudin"]
[Black "Drino, Faris"]
[Result "1/2-1/2"]
[WhiteElo "1978"]
[BlackElo "1774"]
[PlyCount "90"]
[EventDate "2015.05.30"]

1. e4 g6 2. d4 Bg7 3. Be3 d6 4. f4 Nf6 5. Nc3 O-O 6. h3 Nc6 7. Be2 e5 8. fxe5
dxe5 9. d5 Nd4 10. Qd2 c5 11. dxc6 bxc6 12. O-O-O c5 13. Nf3 Qd6 14. Rhf1 Bb7
15. Bd3 Rac8 16. Bg5 c4 17. Bxf6 cxd3 18. Bxg7 Rxc3 19. Bxf8 Qxf8 20. Nxd4 exd4
21. bxc3 Qa3+ 22. Kb1 dxc3 23. Qc1 dxc2+ 24. Ka1 cxd1=Q 25. Rxd1 Qxc1+ 26. Rxc1
Bxe4 27. Rxc3 Bxg2 28. Ra3 Bf1 29. Rxa7 Bxh3 30. Kb2 Kg7 31. Kc3 Kf6 32. a4 h5
33. a5 g5 34. a6 g4 35. Kd2 h4 36. Ra8 Bg2 37. Rh8 Kg5 38. Ke3 g3 39. a7 Kg4
40. Rg8+ Kh3 41. a8=Q Bxa8 42. Rxa8 g2 43. Kf2 Kh2 44. Ra1 h3 45. Rc1 f5
1/2-1/2

[Event "45th IT Bosna 2015"]
[Site "Sarajevo"]
[Date "2015.06.04"]
[Round "8.48"]
[White "Hadzialic, Benjamin"]
[Black "Fejzic, Edo"]
[Result "1-0"]
[WhiteElo "1924"]
[BlackElo "1690"]
[PlyCount "45"]
[EventDate "2015.05.30"]

1. e4 c5 2. Nf3 d6 3. d4 cxd4 4. Nxd4 Nf6 5. Nc3 Nc6 6. Bg5 Qb6 7. Nb3 g6 8.
Bxf6 exf6 9. Qf3 Nd4 10. Nxd4 Qxd4 11. Rd1 Qe5 12. Bb5+ Bd7 13. Bxd7+ Kxd7 14.
Rd5 Qe6 15. O-O Be7 16. Nb5 Kd8 17. Rfd1 Qc8 18. Nxd6 Bxd6 19. Rxd6+ Ke8 20.
Qxf6 Rg8 21. e5 Qf5 22. Rd8+ Rxd8 23. Rxd8# 1-0

[Event "45th IT Bosna 2015"]
[Site "Sarajevo"]
[Date "2015.06.04"]
[Round "8.49"]
[White "Markovic, Dino"]
[Black "Maksimovic, Masa"]
[Result "1/2-1/2"]
[WhiteElo "1905"]
[BlackElo "1702"]
[PlyCount "55"]
[EventDate "2015.05.30"]

1. d4 Nf6 2. c4 g6 3. Nc3 Bg7 4. e4 d6 5. f3 O-O 6. Be3 e5 7. Nge2 Nc6 8. Qd2
a5 9. d5 Ne7 10. Bh6 Ne8 11. g4 f5 12. gxf5 gxf5 13. O-O-O f4 14. Rg1 Kh8 15.
Bg5 Bf6 16. Bxf6+ Nxf6 17. Kb1 Ng6 18. Nc1 Nh4 19. Qf2 Nh5 20. Be2 Bh3 21. Bf1
Bc8 22. Be2 Bh3 23. Nd3 b6 24. Rc1 Qf6 25. Bf1 Bc8 26. Be2 Bh3 27. Bf1 Bc8 28.
Be2 1/2-1/2

[Event "45th IT Bosna 2015"]
[Site "Sarajevo"]
[Date "2015.06.04"]
[Round "8.50"]
[White "Arda, Dogasu"]
[Black "Maksimovic, Bojan"]
[Result "0-1"]
[WhiteElo "1529"]
[BlackElo "1891"]
[PlyCount "80"]
[EventDate "2015.05.30"]

1. d4 Nf6 2. Nf3 g6 3. g3 Bg7 4. Bg2 O-O 5. O-O d6 6. c4 Nbd7 7. Nc3 c6 8. b3
Qc7 9. Bb2 e5 10. dxe5 dxe5 11. Qc2 Re8 12. e3 a5 13. Rac1 Nc5 14. Rfd1 Bf5 15.
Qe2 Nd3 16. Ra1 e4 17. Nd4 Bg4 18. f3 Nxb2 19. Qxb2 exf3 20. Nxf3 Rxe3 21. Qd2
Rae8 22. Re1 Qb6 23. Rxe3 Qxe3+ 24. Qxe3 Rxe3 25. Nd1 Rxf3 26. Bxf3 Bxf3 27.
Rc1 Ng4 28. h3 Bd4+ 29. Kf1 Bxd1 30. hxg4 Bxg4 31. Re1 Be6 32. Re4 c5 33. a3
Kf8 34. b4 axb4 35. axb4 Bxc4+ 36. Ke1 Bd5 37. Rh4 Bc3+ 38. Kd1 cxb4 39. Rxh7
Bf3+ 40. Kc2 Bh5 0-1

[Event "45th IT Bosna 2015"]
[Site "Sarajevo"]
[Date "2015.06.04"]
[Round "8.51"]
[White "Budisavljevic, Luka"]
[Black "Pleh, Semir"]
[Result "1-0"]
[WhiteElo "1835"]
[BlackElo "1688"]
[PlyCount "81"]
[EventDate "2015.05.30"]

1. d4 d5 2. c4 e6 3. Nc3 Nf6 4. Nf3 c6 5. e3 g6 6. Be2 Bg7 7. O-O b6 8. b3 O-O
9. Ba3 Re8 10. Rc1 Nbd7 11. Qc2 Bb7 12. Rfd1 e5 13. dxe5 Nxe5 14. cxd5 cxd5 15.
Nd4 Rc8 16. Qb1 Bf8 17. Bxf8 Kxf8 18. Ncb5 Rxc1 19. Rxc1 a6 20. Nc7 Re7 21.
Nxa6 Qd6 22. Nb5 Qd8 23. Nb4 Ne4 24. Rc2 Rd7 25. Nd4 Qf6 26. f3 Nc5 27. f4 Nc6
28. Nbxc6 Bxc6 29. Nxc6 Qxc6 30. b4 Qe6 31. bxc5 Qxe3+ 32. Kh1 bxc5 33. Qb8+
Ke7 34. Qe5+ Qxe5 35. fxe5 c4 36. Kg1 Ke6 37. Bg4+ Ke7 38. Bxd7 Kxd7 39. a4 Ke6
40. a5 Kxe5 41. a6 1-0